01126cam a2200289 a 45000010008000000030004000080050017000120080041000290100017000700200015000870400018001020500022001200820018001421000021001602450061001812600038002423000033002804400028003134900115003415040064004566500023005206500020005436500019005638300075005828560089006578560090007463542400OSt20230923141041.0970327s1997 nyua b 001 0 eng  a 97014026  a0306454521 aDLCcDLCdDLC00aTJ213b.L433 199700a629.89bLEW/F1 aLewis, Harold W.14aThe foundations of fuzzy control /cHarold W. Lewis III. aNew York :bPlenum Press,cc1997. axv, 299 p. :bill. ;c24 cm. 4aThe language of science1 aInternational Federation for Systems Research international series on systems science and engineering ;vv. 10 aIncludes bibliographical references (p. 285-290) and index. 0aAutomatic control. 0aControl theory. 0aFuzzy systems. 0aIFSR international series on systems science and engineering ;vv. 10.423Publisher descriptionuhttp://www.loc.gov/catdir/enhancements/fy0821/97014026-d.html413Table of contents onlyuhttp://www.loc.gov/catdir/enhancements/fy0821/97014026-t.html